| 000 | 00617nam a2200169 a 4500 | ||
|---|---|---|---|
| 001 | 764 | ||
| 003 | CDMR | ||
| 005 | 20130319193834.0 | ||
| 008 | 130130s1996||||||||||||||||||||||||||||d | ||
| 020 | _a8489727015 | ||
| 040 |
_aCDMR _bcat _cCPC LLEIDA |
||
| 245 | 0 | 0 |
_aDinàmica de l'atur a Lleida _b: anàlisi sectorial i territorial _cDepartament d'Economia Aplicada ; Joan Pere Enciso Rodríguez, editor ; Rafael Allepuz Capdevila ... [et al.] |
| 260 |
_aLleida _c1996 _bUniversitat de Lleida |
||
| 490 | 0 |
_aEconomia i empresa / Universitat de Lleida _v4 |
|
| 700 | 1 |
_9592 _aEnciso Rodríguez, Joan Pere _eed. |
|
| 942 |
_cMON _2udc |
||
| 999 |
_c764 _d764 |
||